| 000 | 00606nam a2200169Ia 4500 | ||
|---|---|---|---|
| 999 |
_c35544 _d35544 |
||
| 003 | GCL | ||
| 005 | 20240530102936.0 | ||
| 008 | 140319s9999 xx 000 0 ara d | ||
| 040 |
_aGCL / _cGCL |
||
| 082 | 0 | 4 |
_a210.8 _bم م |
| 100 | _aمحمد فريد وجدى | ||
| 245 | 1 | 0 | _aمهمة الاسلام فى العالم : سلسلة مقالات هادفة نشرت تباعا بمجلة الازهر |
| 260 |
_a[S.N] : _bالامانة العامة للجنة العليا للدعوة الاسلامية ، _c1989 |
||
| 300 | _a322 ص | ||
| 700 | _aمحمد رجب البيومى | ||
| 942 |
_2ddc _cBK |
||